书目信息 |
| 题名: |
冲击机械系统动力学
|
|
| 作者: | 刘德顺 , 李夕兵 著 | |
| 分册: | ||
| 出版信息: | 北京 科学出版社 1999.07 |
|
| 页数: | 174页 | |
| 开本: | 32开 | |
| 丛书名: | ||
| 单 册: | ||
| 中图分类: | TH113 | |
| 科图分类: | ||
| 主题词: | 机械学:动力学 | |
| 电子资源: | ||
| ISBN: | 7-03-007275-8 | |
| 000 | 00598nam0 2200205 45 | |
| 001 | 1009041396 | |
| 005 | 20100904130829.2 | |
| 010 | @a7-03-007275-8@d15.00元 | |
| 100 | @a20100904d1999 km y0chiy0120 ea | |
| 101 | 0 | @achi |
| 105 | @a z 000yy | |
| 200 | 1 | @a冲击机械系统动力学@AChong Ji Ji Xie Xi Tong Dong Li Xue@f刘德顺,李夕兵著@FLiu De Shun,Li Xi Bing Zhu |
| 210 | @a北京@c科学出版社@d1999.07 | |
| 215 | @a174页@d32开 | |
| 606 | 0 | @a机械学:动力学 |
| 690 | @aTH113@v3 | |
| 701 | 0 | @a刘德顺@4著 |
| 701 | 0 | @a李夕兵@4著 |
| 801 | @aCN@bPftUser@c20100904 | |
| 905 | @b119552-556@dTH113@eL780@f5 | |
| 冲击机械系统动力学/刘德顺,李夕兵著.-北京:科学出版社,1999.07 |
| 174页;32开 |
| ISBN 7-03-007275-8:15.00元 |
| ● |
| 相关链接 |
|
|
|
正题名:冲击机械系统动力学
索取号:TH113/L780
 
预约/预借
| 序号 | 登录号 | 条形码 | 馆藏地/架位号 | 状态 | 备注 |
| 1 | 119552 | 201195526 | 自科库501/501自科库 32排1列5层/ [索取号:TH113/L780] | 在馆 | |
| 2 | 119553 | 201195535 | 期刊室512/501自科库 32排1列5层/ [索取号:TH113/L780] | 在馆 | |
| 3 | 119554 | 201195544 | 期刊室512/501自科库 32排1列5层/ [索取号:TH113/L780] | 在馆 | |
| 4 | 119555 | 201195553 | 期刊室512/501自科库 32排1列5层/ [索取号:TH113/L780] | 在馆 | |
| 5 | 119556 | 201195562 | 自科库501/501自科库 32排1列5层/ [索取号:TH113/L780] | 在馆 |